Category Elimination - Five Nights At Freddy's / Scott Cawthon - Statistics

General Stats
  • This quiz has been taken 133 times
  • The average score is 5 of 16
Answer Stats
Group # Category % Correct
Blue 89 Games
85%
Green 15 Movies & TV Series
74%
Orange 48 FNaF World party members
70%
Purple 32 FNaF Story Books
47%
Purple 23 ... which aren’t from Tales From The Pizzaplex
45%
Purple 6 ... or Fazbear Frights
39%
Orange 8 ... added in Update 2
34%
Orange 3 ... originally from a Non-FNaF game
30%
Orange 1 ... which had a sequel Coffee
26%
Purple 1 ... and released in 2018 Five Nights at Freddy's: The Fourth Closet
25%
Blue 76 ... that arent in the Five Nights at Freddy’s series
16%
Blue 2 ... released before 2000
7%
Blue 1 ... with a main character that is a dinosaur Doofas
5%
Green 5 ... from the Birdvillage series
2%
Green 3 ... with Beak in the title
2%
Green 1 ... which are set in winter Stories from Birdvillage Beak's Snowball Fight
2%
No matching quizzes found
Score Distribution
Percent of People with Each Score
Percentile by Number Answered
Your Score History
You have not taken this quiz